000 00881nam a22002537i 4500
003 URS
005 20251023105742.0
008 181018b xxu||||| |||| 00| 0 eng d
020 _a971-685-776-4
040 _erda
_cURS
_bEnglish
050 _aLB1765.P6
_bT155 2014
100 _aTandingan, Era Jayne B.,
_eauthor.
245 _aLET comprehensive reviewer :
_bbased on NCBTS and Table of Specifications (TOS) /
_cEra Jayne B. Tandingan and Arnie C. Trangia.
264 _aQuezon City :
_bLorimar Publishing,
_c©2014.
300 _a126 pages ;
_c26 cm.
336 _atext
_btxt
_2rdacontent
337 _aunmediated
_bn
_2rdamedia
338 _avolume
_bnc
_2rdacarrier
505 _aSpecialization : Agriculture and Fishery Arts.
650 _aTeacher -- Examinations.
650 _aCivil service -- Examinations.
700 _aTrangia, Arnie C.,
_eauthor.
942 _2lcc
_cF
999 _c10447
_d10447